00759nam a2200205Ia 4500001000900000003000500009005001700014008004100031010001100072040000900083082001500092111010000107245008000207260005000287300001100337650002700348650005700375650005800432650006300490dia_1877CHAP20230427133851.0220117s1973 xx 000 0 und d a172415 cCHAP a633.15 S54 aSimposio Sobre Desarrollo y Utilización de Maices de Alto Valor Nutritivo. 1o. México 1972. aSimposio Sobre Desarrollo y Utilización de Maices de Alto Valor Nutritivo aMéxico :b Colegio de Postgraduados,c1973 a226 p. aCereales como alimento aHarina de maízxDiscursos, ensayos, conferencias  aMaízxDerivadosxDiscursos, ensayos, conferencias  aMaízxValor nutritivoxDiscursos, ensayos, conferencias